000 00331nam a2200121Ia 4500
008 240731s9999 xx 000 0 und d
022 _a2463-5618
245 0 _aJournal of Vascular Diagnostics and Interventions
260 _bDove Medical Press
856 _uhttps://www.tandfonline.com/loi/djvd20
942 _2ddc
942 _cTFEJ
999 _c78257
_d78257
945 _a1
_bMadushi Gamage
_c1
_dMadushi Gamage